[Event "Aragon-chT Preferente Gr II"]
[Site "Aragon"]
[Date "2023.02.25"]
[Round "5.55"]
[White "Sancho Herranz, Miguel Angel"]
[Black "Artal Alegria, Francisco Javier"]
[Result "0-1"]
[WhiteElo "1549"]
[BlackElo "1745"]
[PlyCount "118"]
[EventDate "2023.01.28"]
[EventType "team-tourn"]
[EventRounds "9"]
[EventCountry "ESP"]
[SourceTitle "EXT 2024"]
[Source "ChessBase"]
[SourceDate "2023.10.10"]
[SourceVersion "1"]
[SourceVersionDate "2023.10.10"]
[SourceQuality "1"]
[WhiteTeam "Utebo San Lamberto"]
[BlackTeam "Las Fuentes II"]
[WhiteTeamCountry "ESP"]
[BlackTeamCountry "ESP"]

1. d4 Nf6 2. Nf3 c5 3. e3 e6 4. Bd3 d5 5. c3 Nbd7 6. Nbd2 b6 7. e4 cxd4 8. Nxd4 Bb7 9. exd5 Nxd5 10. 0-0 Be7 11. N2f3 Rc8 12. Re1 0-0 13. Ne5 Nxe5 14. Rxe5 Bf6 15. Rh5 g6 16. Rh3 e5 17. Ne2 e4 18. Bxe4 Nxc3 19. Nxc3 Qxd1+ 20. Nxd1 Bxe4 21. Nc3 Bf5 22. Rf3 Rfd8 23. Bh6 Bg7 24. Bxg7 Kxg7 25. Re3 Rd2 26. Re7 Rxb2 27. Nd1 Rb1 28. Rxb1 Bxb1 29. Kf1 Rc1 30. Ke1 a5 31. Rb7 Bxa2 32. Rxb6 Rb1 33. Rxb1 Bxb1 34. Nc3 Bc2 35. Kd2 Bb3 36. Nb1 Bd5 37. g3 a4 38. Kc3 f5 39. Kd4 Ba2 40. Nc3 Bb3 41. Nb1 Kf6 42. f4 Ke6 43. Nd2 Bd5 44. Nb1 Kd6 45. h4 Ke6 46. Na3 Bb3 47. Nb1 Kf6 48. Na3 h6 49. Nb1 Ke6 50. Na3 Kd6 51. Nb1 Kc6 52. Ke5 Kc5 53. Kf6 h5 54. Kxg6 Bd1 55. Kxf5 Bc2+ 56. Kg5 Bxb1 57. Kxh5 a3 58. Kg5 a2 59. f5 a1Q 0-1